000 00299nam a22001337a 4500
008 171031b xxu||||| |||| 00| 0 eng d
020 _a9780136041849
041 _aeng
080 _211 ED
_a33
100 _a59
101 _aBUS
245 _aINTERNATIONAL BUSINESS
_cDANIELS.R
942 _2udc
_cBK
999 _c36816
_d36816